Statystyki dla Złoty Glob - aktorka w komedii lub musicalu

Kliknij tutaj aby rozwiązać quiz!

Ogólne statystyki

  • Ten quiz został rozwiązany 16 razy
  • Średni wynik to 15 z 75

Statystyki odpowiedzi

RokAktorkaFilm% Poprawnych
1990Julia RobertsPretty Woman
82%
2016Emma StoneLa La Land
64%
2009Meryl StreepJulie i Julia
64%
2006Meryl StreepDiabeł ubiera się u Prady
64%
1959Marilyn MonroePół żartem, pół serio
55%
2012Jennifer LawrencePoradnik pozytywnego myślenia
45%
2015Jennifer LawrenceJoy
45%
1996MadonnaEvita
45%
2014Amy AdamsWielkie oczy
36%
2013Amy AdamsAmerican Hustle
36%
1998Gwyneth PaltrowZakochany Szekspir
36%
2001Nicole KidmanMoulin Rouge!
36%
1995Nicole KidmanZa wszelką cenę
36%
2000Renee ZellwegerSiostra Betty
36%
2002Renee ZellwegerChicago
36%
2017Saoirse RonanLady Bird
36%
1987CherWpływ księżyca
27%
1972Liza MinnelliKabaret
27%
1988Melanie GriffithPracująca dziewczyna
27%
2018Olivia ColmanFaworyta
27%
1993Angela BassettTina
18%
2004Annette BeningJulia
18%
2010Annette BeningWszystko w porządku
18%
1977 (remis)Diane KeatonAnnie Hall
18%
2003Diane KeatonLepiej późno niż później
18%
1997Helen HuntLepiej być nie może
18%
1994Jamie Lee CurtisPrawdziwe kłamstwa
18%
1954Judy GarlandNarodziny gwiazdy
18%
1964Julie AndrewsMary Poppins
18%
1982Julie AndrewsVictor, Victoria
18%
1965Julie AndrewsDźwięki muzyki
18%
1983Julie WaltersEdukacja Rity
18%
1985Kathleen TurnerHonor Prizzich
18%
1984Kathleen TurnerMiłość, szmaragd i krokodyl
18%
1978 (remis)Maggie SmithSuita kalifornijska
18%
1992Miranda RichardsonCzarowny kwiecień
18%
2005Reese WitherspoonSpacer po linie
18%
1971TwiggyBoy Friend
18%
1967Anne BancroftAbsolwent
9%
1975Ann-MargretTommy
9%
2019AwkwafinaKłamstewko
9%
1968Barbra StreisandZabawna dziewczyna
9%
1976Barbra StreisandNarodziny gwiazdy
9%
1991Bette MidlerDla naszych chłopców
9%
1979Bette MidlerRóża
9%
1970Carrie SnodgressPamiętnik szalonej gospodyni
9%
1956Deborah KerrKról i ja
9%
1978 (remis)Ellen BurstynZa rok o tej samej porze
9%
1953Ethel MermanCall Me Madam
9%
1973Glenda JacksonMiłość w godzinach nadliczbowych
9%
1955Jean SimmonsFaceci i laleczki
9%
1989Jessica TandyWożąc panią Daisy
9%
1950Judy HollidayUrodzeni wczoraj
9%
1951June AllysonToo Young to Kiss
9%
1957 (remis)Kay KendallRoztańczone dziewczyny
9%
1966Lynn RedgraveGeorgy Girl
9%
2007Marion CotillardNiczego nie żałuję
9%
1977 (remis)Marsha MasonDziewczyna na pożegnanie
9%
2011Michelle WilliamsMój tydzień z Marilyn
9%
2021Rachel ZeglerWest Side Story
9%
1974Raquel WelchTrzej muszkieterowie
9%
1962Rosalind RussellCyganka
9%
1961Rosalind RussellWiększość jednego
9%
1958Rosalind RussellCiotka Mame
9%
2020 / 2021Rosamund PikeO wszystko zadbam
9%
1963Shirley MacLaineSłodka Irma
9%
1960Shirley MacLaineGarsoniera
9%
1980Sissy SpacekCórka górnika
9%
1986Sissy SpacekZbrodnie serca
9%
1952Susan HaywardWith a Song in My Heart
9%
1957 (remis)Taina ElgRoztańczone dziewczyny
9%
1981Bernadette PetersGrosz z nieba
0%
1999Janet McTeerNiesione wiatrem
0%
1969Patty DukeJa, Natalia
0%
2008Sally HawkinsHappy-Go-Lucky
0%

Rozkład punktacji

Percentyl według liczby udzielonych odpowiedzi

Procent ludzi z każdym wynikiem

Twoja historia wyników

Nie rozwiązałeś tego quizu